| 000 | 01084nam a22003137a 4500 | ||
|---|---|---|---|
| 003 | CHAP | ||
| 005 | 20220329133501.0 | ||
| 008 | 971013s1991 r 10010 d | ||
| 010 | _a6906 | ||
| 011 | _a7878 | ||
| 035 | _a7103 | ||
| 040 | _cCHAP | ||
| 090 | _aFolleto 14167 | ||
| 111 | 0 | 0 |
_aInternational Workshop on Vegetable Production Through the Use of Fertilizer, Mulching and Irrigation ( _d1991 _c: Chiang Mai, Thailand) _960141 |
| 245 | _aSummary of final discussion | ||
| 260 |
_aTaipei, Taiwan : _bFood & Fertilizer Technology Center, _c1991 |
||
| 300 | _app. 23-24 | ||
| 501 | _aEnc. con otros impresos similares | ||
| 590 |
_aBATCH-UPD _b10 _c20130110 _lUCH01 _h0948 |
||
| 590 |
_aBATCH-UPD _b10 _c20130410 _lUCH01 _h0603 |
||
| 590 |
_aBATCH-UPD _b10 _c20130913 _lUCH01 _h1911 |
||
| 590 |
_aCONVERSION _b10 _c20130109 _lUCH01 _h1305 |
||
| 650 | 1 | 4 |
_aAcolchado de suelos. _9623 |
| 650 | 1 | 4 |
_aFertilizantes _xEfecto en legumbres. _940521 |
| 650 | 1 | 4 |
_aLegumbres _xIrrigación. _965735 |
| 901 | _aBK | ||
| 942 | _cFOLL | ||
| 949 |
_aFolleto 14167 _bBC _cFOLL _d-16907 _eTS1 _i7103 _si |
||
| 999 |
_c6906 _d6906 |
||